|
|
|
|
| LEADER |
01852nam a2200421 i 4500 |
| 001 |
EBC3045993 |
| 003 |
MiAaPQ |
| 005 |
20200520144314.0 |
| 006 |
m o d | |
| 007 |
cr cnu|||||||| |
| 008 |
140730s2008 gw ob 001 0 ger|d |
| 020 |
|
|
|z 9783486585438
|
| 020 |
|
|
|a 9783486706543 (e-book)
|
| 035 |
|
|
|a (MiAaPQ)EBC3045993
|
| 035 |
|
|
|a (Au-PeEL)EBL3045993
|
| 035 |
|
|
|a (CaPaEBR)ebr10891363
|
| 035 |
|
|
|a (CaONFJC)MIL610473
|
| 035 |
|
|
|a (OCoLC)922949362
|
| 040 |
|
|
|a MiAaPQ
|b eng
|e rda
|e pn
|c MiAaPQ
|d MiAaPQ
|
| 050 |
|
4 |
|a HV8207
|b .S37 2008
|
| 100 |
1 |
|
|a Schreiber, Carsten,
|e author.
|
| 245 |
1 |
0 |
|a Elite im Verborgenen :
|b Ideologie und regionale Herrschaftspraxis des Sicherheitsdienstes der SS und seines Netzwerks am Beispiel Sachsens /
|c Carsten Schreiber.
|
| 264 |
|
1 |
|a Munchen :
|b Oldenbourg Wissenschaftsverlag,
|c 2008.
|
| 300 |
|
|
|a 1 online resource (512 pages).
|
| 336 |
|
|
|a text
|2 rdacontent
|
| 337 |
|
|
|a computer
|2 rdamedia
|
| 338 |
|
|
|a online resource
|2 rdacarrier
|
| 490 |
1 |
|
|a Studien zur Zeitgeschichte ;
|v Band 77
|
| 504 |
|
|
|a Includes bibliographical references and index.
|
| 588 |
|
|
|a Description based on online resource; title from PDF title page (ebrary, viewed July 30, 2014).
|
| 590 |
|
|
|a Electronic reproduction. Ann Arbor, MI : ProQuest, 2015. Available via World Wide Web. Access may be limited to ProQuest affiliated libraries.
|
| 610 |
2 |
0 |
|a Nationalsozialistische Deutsche Arbeiter-Partei.
|b Schutzstaffel.
|b Sicherheitsdienst.
|
| 650 |
|
0 |
|a Police
|z Germany
|x History
|y 20th century.
|
| 650 |
|
0 |
|a National socialism
|z Germany.
|
| 655 |
|
4 |
|a Electronic books.
|
| 797 |
2 |
|
|a ProQuest (Firm)
|
| 830 |
|
0 |
|a Studien zur Zeitgeschichte (Institut fur Zeitgeschichte (Munich, Germany)) ;
|v Bd. 77.
|
| 856 |
4 |
0 |
|u https://ebookcentral.proquest.com/lib/matrademy/detail.action?docID=3045993
|z Click to View
|